MARC

LEADER 00000nam0a2200000 4500
001 283392
005 20231031233342.0
020 |a RU  |b 84-58564 
035 |a (RuTPU)RU\TPU\book\307459 
090 |a 283392 
100 |a 20150206d1984 km y0rusy5003 ca 
101 0 |a rus 
102 |a UA 
105 |a a z 001zy 
200 1 |a Интенсификация использования производственных мощностей предприятий машиностроения  |f И. М. Петрович 
210 |a Киев  |c Технiка  |d 1984 
215 |a 207 с.  |c ил. 
320 |a Библиогр.: с. 201-205 
606 1 |a Машиностроительные заводы  |x Производственная мощность  |2 stltpush  |3 (RuTPU)RU\TPU\subj\41599 
610 1 |a использование 
610 1 |a интенсификация 
610 1 |a величина 
610 1 |a расчет 
610 1 |a оборудование 
610 1 |a загрузка 
610 1 |a резервы 
610 1 |a программно-целевое планирование 
610 1 |a экономическая эффективность 
675 |a 621.004.17  |z rus  |v 3 
700 1 |a Петрович  |b И. М.  |g Иосиф Михайлович  |4 070 
801 0 |a RU  |b RuMRKP  |c 19950704  |g psbo 
801 1 |a RU  |b 63413507  |c 20150206 
801 2 |a RU  |b 63413507  |c 20170728  |g RCR 
942 |c BK